Újévi napló. {Jurnal de An Nou}. [A New-Year journal]

Elmentve itt :
Bibliográfiai részletek
Szerző: SZABÓ Gyula
Adatforrás:Meister
Forrásdokumentuma:Helikon. -
2001. 2, 6-7.
Nyelv:magyar
Kulcsszavak:próza
proza scurta
short story
LEADER 00384nab a2200145 i 4500
001 bibPRO00012867
008 080908s2001 xx hun
040 |a Sz1 
041 |a hun 
100 1 |a SZABÓ Gyula 
245 1 0 |a Újévi napló. {Jurnal de An Nou}. [A New-Year journal]  |c SZABÓ Gyula 
695 |a próza 
695 |a proza scurta 
695 |a short story 
773 0 |t Helikon. -  |g 2001. 2, 6-7.